000 00514nam a22001817a 4500
005 20251108172037.0
008 250721s9999 xx 000 0 ara d
082 1 4 _a523.5/غور
100 1 _aغوري، إبراهيم حلمي
245 1 0 _aالنيازك و الشهب و المذنبات /
264 1 _aبيروت :
_bدار الشرق العربي،
300 _a179ص
490 0 _aتعرف إلى ؛ 6
650 1 7 _aالمذنبات
650 1 7 _aالشهب
942 _2ddc
_cBK
999 _c69017
_d69017